[Event "XXXIX Benasque Open 2019"]
[Site "Benasque"]
[Date "2019.07.11"]
[Round "8.3"]
[White "Kharitonov, Alexandr"]
[Black "Deac, Bogdan-Daniel"]
[Result "1-0"]
[WhiteElo "2540"]
[BlackElo "2621"]
[Annotator "TA"]
[PlyCount "171"]
[EventDate "2019.07.04"]
[EventType "swiss"]
[EventCountry "ESP"]
[SourceTitle "playchess.com"]
[Source "ChessBase"]
[SourceQuality "1"]

{[%evp 14,171,0,0,0,13,7,12,6,6,4,14,8,0,10,12,10,8,4,1,10,4,13,16,11,18,27,25,66,0,0,0,122,122,125,125,114,122,108,77,117,87,102,94,93,93,164,169,163,167,278,279,541,541,541,541,541,541,540,539,541,534,527,513,569,566,675,666,626,611,558,235,206,144,135,128,126,136,138,132,244,204,247,203,210,216,236,234,235,233,260,177,266,222,316,316,316,316,316,287,291,231,239,220,378,316,316,316,498,504,514,506,595,595,595,595,595,595,548,595,1312,956,1181,1142,1789,1506,911,519,511,421,475,421,414,414,414,414,413,413,399,393,646,600,12796,12798,29973,29974,29972,2937,29969,29968,29987,29988,29988,29986,29986,29987,29987,29988,29988,29989]} 1. d4 Nf6 2. c4 g6 3. g3 Bg7 4. Bg2 O-O 5. Nc3 Nc6 6. Nf3 d5 7. cxd5 Nxd5 8. O-O e5 {[%cal Re5d4] D74: Fianchetto Grünfeld: Main Line (5 Nf3 0-0 6 cxd5 Nxd5 7 0-0)} 9. Bg5 (9. Nxd5 e4 10. Nd2 Qxd5 11. e3 f5 12. b3 Be6 13. Ba3 Rfd8 14. Rc1 Qd7 15. Qc2 Rac8 16. Rfd1 {0-1 (91) Duda,J (2737)-Grischuk,A (2766) chess.com INT 2018}) 9... f6 {Threatens to win with ...Nxc3.} 10. Bc1 Nxc3 {The position is equal.} 11. bxc3 e4 12. Nd2 f5 $1 13. e3 Be6 {[#]} 14. Ba3 $146 ({Predecessor:} 14. c4 Na5 15. Ba3 {1-0 (43) Ter Sahakyan,S (2547)-Paravyan,D (2629) St Petersburg 2018}) 14... Re8 15. c4 {[%cal Bc3c4,Bc4c5][%mdl 32]} Na5 16. Qc2 b6 17. Rab1 Rc8 18. Rfd1 Qd7 19. Bf1 Bf7 20. c5 Bd5 21. Nc4 (21. Bb5 $1 $14 Nc6 22. Rdc1) 21... Nc6 $11 22. Ne5 Nxe5 (22... Bxe5 $11 {remains equal.} 23. dxe5 Nxe5) 23. dxe5 $16 {Black must now prevent Rxd5!} c6 ({Not} 23... Bxe5 $2 {[#]} 24. Rxd5 $1 {[%mdl 512]} Qxd5 25. Bc4 $18) 24. cxb6 axb6 25. Rxb6 Bxe5 26. Bb2 Bxb2 27. Qxb2 (27. Rxb2 {keeps more tension.} Ra8 28. Rdb1 Re7 29. a4 Qd6 30. Rb6) 27... Qg7 28. Qc2 Qc7 29. Rb2 Qf7 (29... Re7 $16) 30. a4 $18 {[%cal Ba2a4,Ba4a5,Ba5a6,Ba6a7][%mdl 32]} Ra8 31. Rdb1 Qe6 (31... Ra7 $142 32. Rb8 Rf8) 32. Rb7 g5 $2 {[#]} (32... Qe5 33. Bc4 Red8 34. Bxd5+ cxd5) 33. a5 $1 {[%mdl 512]} f4 (33... Rxa5 34. Qc3) 34. Qc3 {[%csl Gb7][%cal Rc3g7]} Qe5 35. Qxe5 Rxe5 36. a6 Ree8 37. a7 c5 38. Rc7 fxe3 39. fxe3 c4 40. Rb5 Be6 41. Rxg5+ Kf8 42. Re5 (42. Bg2 $142) 42... c3 43. Rxc3 Rxa7 44. Rxe4 Ra1 {Black wants to play ...Rxf1+.} 45. Rf4+ Kg8 46. g4 Ra2 (46... h5 $16 47. gxh5 Bh3) 47. h3 Rd8 48. Rf2 Ra1 49. Kh2 Re1 50. Bg2 Re8 51. Bf3 Rd8 52. Kg2 Bf7 (52... h5 $142 53. gxh5 Bd5) 53. Be4 Rd7 (53... Bd5 {might work better.}) 54. Bf5 Bd5+ 55. Kg3 Re7 56. Kf4 Kg7 57. h4 h6 58. Rd3 Bc4 $2 (58... Be6 59. e4 h5) 59. Rd4 Bf7 60. e4 Rh1 (60... Be6 {was worth a try.} 61. Rb2 Bf7) 61. h5 Re1 62. Rd6 Rg1 63. Rd7 Rxd7 64. Bxd7 {[%mdl 4096] Endgame KRB-KRB} Kf6 65. e5+ Ke7 66. Bf5 Re1 67. Rc2 Rf1+ 68. Kg3 Bxh5 69. Rh2 Rg1+ 70. Kf4 Rf1+ 71. Ke3 Re1+ 72. Kd4 Rd1+ 73. Kc3 Bf7 74. Rxh6 Rd5 75. e6 Be8 76. Kc4 Rd1 $2 (76... Rb5 77. Rh8 Ra5) 77. Kc5 Rd2 78. g5 Rf2 79. Rh7+ Kf8 80. Be4 (80. Kd6 $142 Rxf5 81. Rh8+ Kg7 82. Rxe8 Rf1 83. Rd8 Rd1+ 84. Kc7 Re1 85. Kd7 Rd1+ 86. Ke8) 80... Re2 81. Kd6 {White mates.} Ba4 82. Bd5 Kg8 83. Ra7 Bb5 84. e7+ Kh8 85. Rb7 Ba4 86. Rb4 {Accuracy: White = 75%, Black = 44%.} 1-0

[Event "XXXIX Benasque Open 2019"]
[Site "Benasque"]
[Date "2019.07.11"]
[Round "8.4"]
[White "Bartel, Mateusz"]
[Black "Pulvett Marin, Daniel Eduardo"]
[Result "1-0"]
[WhiteElo "2600"]
[BlackElo "2474"]
[Annotator "TA"]
[PlyCount "125"]
[EventDate "2019.07.04"]
[EventType "swiss"]
[EventCountry "ESP"]
[SourceTitle "playchess.com"]
[Source "ChessBase"]
[SourceQuality "1"]

{[%evp 17,125,-9,0,0,0,0,10,-1,4,0,27,25,30,29,55,54,45,20,33,33,67,67,66,67,71,70,118,118,141,144,258,244,245,226,279,287,288,281,291,291,289,281,280,272,310,314,310,289,289,291,322,285,328,236,249,253,241,235,242,235,235,235,219,156,154,84,84,73,84,84,84,33,29,0,0,0,0,8,8,1,8,0,21,8,8,8,12,12,11,0,56,8,8,8,14,8,29969,29970,29970,29971,29971,29972,29972,29973,29972,29974,29973,29974,29974,29975]} 1. e4 c5 2. Nf3 e6 3. d4 cxd4 4. Nxd4 Nc6 5. Nc3 Qc7 6. f4 a6 7. Be3 b5 8. Bd3 Bb7 9. Qf3 Nf6 10. O-O-O {B43: Sicilian: Kan Variation: 5 Nc3} h5 11. h3 h4 12. Kb1 {The position is equal.} Na5 13. Nb3 $146 ({Predecessor:} 13. f5 Nc4 14. fxe6 dxe6 15. Bf4 Qc5 16. Nb3 Qb6 17. Qe2 Rc8 {1-0 (40) Berg,E (2481)-Karttunen,M (2468) Gausdal 2001}) 13... Nc4 14. Bd4 Rc8 15. Bxc4 bxc4 16. Nd2 Nh5 17. Rhf1 Ng3 18. Rfe1 Nf5 19. Qf2 Nxd4 20. Qxd4 Qc5 {[#]} 21. Nxc4 $1 {[%csl Gd1][%cal Rd4d7][%mdl 512]} d5 (21... Qxc4 22. Qxd7#) 22. Qxc5 Rxc5 23. Ne5 dxe4 {[#]} (23... f6 $16 {is a better defense.}) 24. Nxf7 $1 $18 {[%mdl 512]} Rhh5 {next ...Rxc3 is good for Black.} (24... Kxf7 25. Rd7+) 25. Ng5 Rhxg5 26. fxg5 Re5 27. Rd4 Bc5 28. Rdxe4 Bxe4 29. Rxe4 Rxg5 30. Rxe6+ {[%mdl 4096] Endgame KRB-KRN} Kf7 {[#]} 31. Re2 $1 ({Weaker is} 31. Rxa6 Rxg2 32. a4 Rg3 $14) 31... Rf5 {( -> ...Rf1+)} 32. Kc1 Bd4 33. Nd1 Kg6 34. Re6+ Bf6 35. Kd2 Ra5 36. a3 Kf5 37. Rd6 Kf4 38. Rd3 Rg5 39. Rf3+ Ke4 40. Nf2+ Kd5 41. Ng4 (41. b4 $142) 41... Bxb2 $16 42. Rb3 Bd4 43. Kd3 Bc5 44. c4+ (44. a4 $16) 44... Kc6 $14 45. Ke4 Bd6 46. Rf3 Ra5 47. Rf7 Rxa3 48. Rxg7 Rg3 49. Rg5 Kb6 50. Kd4 {Hoping for c5+.} Rxg2 51. Rg6 Kc7 52. c5 Bf8 53. Rg8 Rd2+ ({Black should play} 53... Be7 $1 $11) 54. Kc3 (54. Kc4 $5 {[%cal Rg8f8]} Be7 55. Ne3 $16) 54... Rd8 55. Kc4 {Ne5 is the strong threat.} a5 56. Nf6 {aiming for Nd5+.} Bxc5 $2 {[%mdl 8192]} (56... Rc8 $11) 57. Rxd8 {White mates.} (57. Kxc5 Rxg8 58. Nxg8 a4 $11) 57... Kxd8 58. Kxc5 $11 {KN-KPP} Ke7 59. Nd5+ Ke6 60. Nf4+ Kf5 61. Ng2 Ke4 62. Nxh4 Kf4 {[#]} 63. Ng2+ $1 {Accuracy: White = 72%, Black = 43%.} 1-0

[Event "XXXIX Benasque Open 2019"]
[Site "Benasque"]
[Date "2019.07.11"]
[Round "8.5"]
[White "Forcen Esteban, Daniel"]
[Black "Lopez Mulet, Inigo"]
[Result "1-0"]
[WhiteElo "2566"]
[BlackElo "2378"]
[Annotator "ChessBase"]
[PlyCount "119"]
[EventDate "2019.07.04"]
[EventType "swiss"]
[EventCountry "ESP"]
[SourceTitle "playchess.com"]
[Source "ChessBase"]
[SourceQuality "1"]
[TimeControl "5400+30"]

1. e4 {[%emt 0:00:00]} e6 {[%emt 0:01:57]} 2. d4 {[%emt 0:00:21]} d5 {[%emt 0:00:05]} 3. Nc3 {[%emt 0:00:22]} Nf6 {[%emt 0:00:15]} 4. Bg5 {[%emt 0:00:34]} Bb4 {[%emt 0:00:34]} 5. e5 {[%emt 0:01:07]} h6 {[%emt 0:00:06]} 6. Bc1 {[%emt 0:00:04]} Ne4 {[%emt 0:00:10]} 7. Qg4 {[%emt 0:00:56]} g6 {[%emt 0:00:15]} 8. Nge2 {[%emt 0:00:23]} c5 {[%emt 0:00:54]} 9. a3 {[%emt 0:00:08]} Bxc3+ {[%emt 0:00:29]} 10. Nxc3 {[%emt 0:00:08]} Nxc3 {[%emt 0:00:08]} 11. bxc3 {[%emt 0:00:02]} Qa5 {[%emt 0:00:21]} 12. Bd2 {[%emt 0:00:06]} Qa4 {[%emt 0:00:58]} 13. h4 {[%emt 0:00:11]} Qxc2 {[%emt 0:26:43]} 14. h5 {[%emt 0:01:28]} cxd4 {[%emt 0:13:05]} 15. cxd4 {[%emt 0:01:20]} Nc6 {[%emt 0:00:07]} 16. hxg6 {[%emt 0:00:09]} Qxg6 {[%emt 0:02:46]} 17. Qxg6 {[%emt 0:00:07]} fxg6 {[%emt 0:00:06]} 18. Bd3 {[%emt 0:00:03]} Kf7 {[%emt 0:00:59]} 19. Bg5 {[%emt 0:00:07]} Bd7 {[%emt 0:05:44]} 20. Bf6 {[%emt 0:00:16]} Nxd4 {[%emt 0:09:33]} 21. Bxh8 {[%emt 0:00:14]} Rxh8 {[%emt 0:00:05]} 22. Rc1 {[%emt 0:01:34]} Bc6 {[%emt 0:04:40]} 23. Rd1 {[%emt 0:09:51]} Nf5 {[%emt 0:02:23]} 24. g4 {[%emt 0:00:44]} Ne7 {[%emt 0:00:49]} 25. Rh3 {[%emt 0:00:27]} Kg7 {[%emt 0:04:04]} 26. Rf3 {[%emt 0:01:28]} g5 {[%emt 0:05:05]} 27. Rf6 {[%emt 0:30:45]} Bd7 {[%emt 0:00:39]} 28. Kd2 {[%emt 0:06:26]} Nc6 {[%emt 0:06:11]} 29. Rg6+ {[%emt 0:01:12]} Kf7 {[%emt 0:00:07]} 30. Re1 {[%emt 0:00:14]} Nd4 {[%emt 0:03:42]} 31. Ke3 {[%emt 0:03:06]} Nc6 {[%emt 0:01:41]} 32. f4 {[%emt 0:02:25]} h5 {[%emt 0:05:37]} 33. Rxg5 {[%emt 0:05:49]} hxg4 {[%emt 0:00:19]} 34. Bg6+ {[%emt 0:03:09]} Ke7 {[%emt 0:00:21]} 35. Rh5 {[%emt 0:06:41]} Rg8 {[%emt 0:01:25]} 36. Rh7+ {[%emt 0:00:05]} Kd8 {[%emt 0:00:05]} 37. Bf7 {[%emt 0:00:04]} Rf8 {[%emt 0:00:12]} 38. Kf2 {[%emt 0:03:08]} Nd4 {[%emt 0:01:43]} 39. Rg1 {[%emt 0:01:22]} Be8 {[%emt 0:04:16]} 40. Bxe8 {[%emt 0:04:56]} Rxf4+ {[%emt 0:00:07]} 41. Kg2 {[%emt 0:01:26]} Kxe8 {[%emt 0:00:06]} 42. Rxb7 {[%emt 0:01:07]} Nf5 {[%emt 0:00:55]} 43. Rgb1 {[%emt 0:03:13]} Rf3 {[%emt 0:01:02]} 44. Rxa7 {[%emt 0:00:53]} Rg3+ {[%emt 0:00:37]} 45. Kf2 {[%emt 0:00:07]} Rf3+ {[%emt 0:00:06]} 46. Ke1 {[%emt 0:00:15]} Ne7 {[%emt 0:00:29]} 47. Rb8+ {[%emt 0:00:04]} Kf7 {[%emt 0:00:02]} 48. Rbb7 {[%emt 0:00:03]} Re3+ {[%emt 0:00:54]} 49. Kf2 {[%emt 0:00:06]} Rxe5 {[%emt 0:00:04]} 50. Rxe7+ {[%emt 0:00:03]} Kf6 {[%emt 0:00:06]} 51. Rf7+ {[%emt 0:00:22]} Kg5 {[%emt 0:00:05]} 52. Rg7+ {[%emt 0:00:18]} Kf5 {[%emt 0:00:48]} 53. Raf7+ {[%emt 0:00:06]} Ke4 {[%emt 0:00:04]} 54. Rxg4+ {[%emt 0:00:05]} Kd3 {[%emt 0:00:03]} 55. Rf3+ {[%emt 0:00:20]} Kc2 {[%emt 0:00:10]} 56. a4 {[%emt 0:00:40]} Rh5 {[%emt 0:00:07]} 57. Rg2 {[%emt 0:00:05]} Rh1 {[%emt 0:00:28]} 58. a5 {[%emt 0:00:08]} d4 {[%emt 0:00:08]} 59. Kg3+ {[%emt 0:00:04]} Kb1 {[%emt 0:00:08]} 60. a6 {[%emt 0:00:13]} 1-0

[Event "XXXIX Benasque Open 2019"]
[Site "Benasque"]
[Date "2019.07.11"]
[Round "8.6"]
[White "Marin, Mihail"]
[Black "Vazquez Igarza, Renier"]
[Result "0-1"]
[WhiteElo "2525"]
[BlackElo "2558"]
[Annotator "ChessBase"]
[PlyCount "106"]
[EventDate "2019.07.04"]
[EventType "swiss"]
[EventCountry "ESP"]
[SourceTitle "playchess.com"]
[Source "ChessBase"]
[SourceQuality "1"]
[TimeControl "5400+30"]

1. f4 {[%emt 0:03:57]} d5 {[%emt 0:00:00]} 2. Nf3 {[%emt 0:00:26]} Nf6 {[%emt 0:00:49]} 3. g3 {[%emt 0:00:10]} g6 {[%emt 0:00:58]} 4. Bg2 {[%emt 0:00:06]} Bg7 {[%emt 0:00:04]} 5. O-O {[%emt 0:00:09]} c5 {[%emt 0:00:37]} 6. d3 {[%emt 0:00:11]} Nc6 {[%emt 0:00:31]} 7. Nc3 {[%emt 0:04:34]} d4 {[%emt 0:01:13]} 8. Na4 {[%emt 0:00:16]} Nd7 {[%emt 0:01:30]} 9. c4 {[%emt 0:03:45]} dxc3 {[%emt 0:01:52]} 10. Nxc3 {[%emt 0:02:58]} O-O {[%emt 0:00:29]} 11. Be3 {[%emt 0:00:58]} b6 {[%emt 0:11:46]} 12. d4 {[%emt 0:05:48]} Bb7 {[%emt 0:01:08]} 13. Rc1 {[%emt 0:11:22]} Nxd4 {[%emt 0:05:54]} 14. Nxd4 {[%emt 0:07:14]} Bxg2 {[%emt 0:03:20]} 15. Kxg2 {[%emt 0:00:09]} cxd4 {[%emt 0:00:07]} 16. Bxd4 {[%emt 0:00:03]} e5 {[%emt 0:09:57]} 17. Bg1 {[%emt 0:00:51]} exf4 {[%emt 0:00:30]} 18. gxf4 {[%emt 0:00:53]} Rc8 {[%emt 0:06:17]} 19. Rf3 {[%emt 0:05:04]} Nc5 {[%emt 0:02:43]} 20. Qxd8 {[%emt 0:08:30]} Rfxd8 {[%emt 0:00:14]} 21. Nb5 {[%emt 0:00:51]} Bxb2 {[%emt 0:29:52]} 22. Rc2 {[%emt 0:02:05]} Na4 {[%emt 0:02:04]} 23. Rxc8 {[%emt 0:00:12]} Rxc8 {[%emt 0:00:01]} 24. Nxa7 {[%emt 0:00:08]} Rc2 {[%emt 0:00:20]} 25. Rb3 {[%emt 0:10:41]} Rxe2+ {[%emt 0:01:13]} 26. Kf3 {[%emt 0:03:20]} Rc2 {[%emt 0:00:07]} 27. Rb4 {[%emt 0:02:09]} Rc3+ {[%emt 0:00:46]} 28. Kg2 {[%emt 0:08:07]} Ra3 {[%emt 0:00:24]} 29. Nc8 {[%emt 0:01:42]} Rxa2 {[%emt 0:00:44]} 30. Kf3 {[%emt 0:00:08]} Bc3 {[%emt 0:01:25]} 31. Rb3 {[%emt 0:06:33]} Ba5 {[%emt 0:02:41]} 32. Rd3 {[%emt 0:00:22]} b5 {[%emt 0:01:29]} 33. Nd6 {[%emt 0:00:16]} Bb6 {[%emt 0:04:08]} 34. Bxb6 {[%emt 0:01:40]} Nxb6 {[%emt 0:00:02]} 35. Nxb5 {[%emt 0:02:18]} Rxh2 {[%emt 0:00:03]} 36. Rd8+ {[%emt 0:00:35]} Kg7 {[%emt 0:00:03]} 37. Nd6 {[%emt 0:00:06]} Rc2 {[%emt 0:02:53]} 38. Rb8 {[%emt 0:05:27]} Rc6 {[%emt 0:00:48]} 39. Ne8+ {[%emt 0:00:26]} Kh6 {[%emt 0:01:13]} 40. Rb7 {[%emt 0:00:39]} Re6 {[%emt 0:00:58]} 41. Rb8 {[%emt 0:01:09]} Nd5 {[%emt 0:01:08]} 42. Rd8 {[%emt 0:00:53]} Re3+ {[%emt 0:01:32]} 43. Kf2 {[%emt 0:00:05]} Re4 {[%emt 0:01:36]} 44. Rxd5 {[%emt 0:01:46]} Rxe8 {[%emt 0:00:07]} 45. Kg3 {[%emt 0:00:04]} Kg7 {[%emt 0:00:47]} 46. Ra5 {[%emt 0:00:17]} Re3+ {[%emt 0:00:44]} 47. Kf2 {[%emt 0:00:22]} Rb3 {[%emt 0:00:34]} 48. Kg2 {[%emt 0:00:29]} h6 {[%emt 0:00:15]} 49. Kf2 {[%emt 0:00:18]} Kf6 {[%emt 0:00:28]} 50. Kg2 {[%emt 0:00:07]} g5 {[%emt 0:00:15]} 51. Ra6+ {[%emt 0:00:07]} Kg7 {[%emt 0:00:32]} 52. Ra5 {[%emt 0:00:11]} Kg6 {[%emt 0:00:13]} 53. Ra6+ {[%emt 0:00:08]} f6 {[%emt 0:00:06]} 0-1

[Event "XXXIX Benasque Open 2019"]
[Site "Benasque"]
[Date "2019.07.11"]
[Round "8.7"]
[White "Campora, Daniel H."]
[Black "Piorun, Kacper"]
[Result "1/2-1/2"]
[WhiteElo "2420"]
[BlackElo "2656"]
[Annotator "TA"]
[PlyCount "84"]
[EventDate "2019.07.04"]
[EventType "swiss"]
[EventCountry "ESP"]
[SourceTitle "playchess.com"]
[Source "ChessBase"]
[SourceQuality "1"]

{[%evp 9,84,29,30,13,14,30,38,19,37,0,7,-39,-31,-24,0,0,0,0,0,-29,-22,-39,-39,-35,-40,-14,-33,-35,-21,-18,-12,0,0,-27,0,0,0,-10,-15,-30,-35,-20,0,0,0,0,0,0,0,0,0,0,0,0,0,0,0,0,0,0,0,0,-10,0,0,0,0,0,0,0,0,0,0,0,0,0,0]} 1. e4 c5 2. Nf3 e6 3. d4 cxd4 4. Nxd4 Nc6 5. Nc3 Qc7 6. Qd3 {B47: Sicilian: Taimanov: 5 Nc3 Qc7 6 f4, 6 g3 and 6 Be2} Nxd4 7. Qxd4 {Strongly threatening Nb5.} a6 8. Be3 {White is slightly better.} b5 9. O-O-O Bb7 10. Bxb5 $146 ({Predecessor:} 10. Kb1 Nf6 11. e5 Nd5 12. Nxd5 Bxd5 13. Qf4 Rc8 {0-1 (30) Eljanov,P (2741)-Neiksans,A (2624) Germany 2016}) 10... axb5 11. Nxb5 Qc6 12. Na7 $1 {[%cal Ra7c6]} e5 13. Qxe5+ Qe6 14. Qc7 (14. Qb5 $5 {[%cal Rb5b7]} Bc6 15. Nxc6 Qxc6 16. Qxc6 dxc6 17. Kb1 $11) 14... Bc6 15. a3 Nf6 ({Don't go for} 15... Qxe4 $2 16. Rhe1 $18) 16. Nxc6 Qxc6 17. Qxc6 dxc6 18. f3 Be7 19. Rd3 h5 20. Rhd1 h4 21. c4 Rh5 22. b4 Nh7 23. Kc2 Nf8 24. c5 Ne6 25. f4 f5 {The position is equal.} 26. exf5 $1 Rxf5 27. g4 hxg3 28. hxg3 Rh5 29. Kb3 Rh3 30. Bg1 g6 31. Kc4 Nc7 32. Kb3 Rb8 33. Bd4 Ne6 34. Re3 Kf7 35. Kc4 {[#] aiming for Rde1.} Rd8 {White must now prevent ...Bf6.} 36. Rdd3 Rh1 37. Be5 Rc1+ 38. Rc3 Rb1 39. Rb3 Rc1+ 40. Rbc3 Rb1 41. Rb3 Rg1 42. Rbd3 Rc1+ {Accuracy: White = 66%, Black = 66%.} 1/2-1/2

[Event "XXXIX Benasque Open 2019"]
[Site "Benasque"]
[Date "2019.07.11"]
[Round "8.8"]
[White "Ter-Sahakyan, Samvel"]
[Black "Akash Pc, Iyer"]
[Result "1-0"]
[WhiteElo "2625"]
[BlackElo "2441"]
[Annotator "RC"]
[PlyCount "102"]
[EventDate "2019.07.04"]
[EventType "swiss"]
[EventCountry "ESP"]
[SourceTitle "playchess.com"]
[Source "ChessBase"]
[SourceQuality "1"]
[TimeControl "5400+30"]

1. e4 {[%emt 0:00:00]} c5 {[%emt 0:00:00]} 2. Nf3 {[%emt 0:00:00]} Nc6 {[%emt 0:00:00]} 3. Bb5 {[%emt 0:01:16]} g6 {[%emt 0:00:00]} 4. Bxc6 {[%emt 0:01:47]} bxc6 {[%emt 0:00:06]} 5. O-O {[%emt 0:00:57]} Bg7 {[%emt 0:00:31]} 6. Re1 {[%emt 0:00:27]} Nh6 {[%emt 0:02:04]} 7. c3 {[%emt 0:01:15]} O-O {[%emt 0:01:44]} 8. d4 {[%emt 0:00:21]} cxd4 {[%emt 0:00:32]} 9. cxd4 {[%emt 0:00:04]} d5 {[%emt 0:00:38]} 10. e5 {[%emt 0:00:08]} f6 {[%emt 0:00:17]} 11. Qc2 {[%emt 0:00:26]} Qb6 {[%emt 0:16:17]} 12. exf6 {[%emt 0:24:51]} exf6 {[%emt 0:01:26]} 13. b3 {[%emt 0:01:16]} Bf5 {[%emt 0:02:00]} 14. Qc3 {[%emt 0:00:45]} Rfe8 {[%emt 0:01:45]} 15. Ba3 {[%emt 0:04:29]} Qa6 {[%emt 0:06:03]} 16. Bc5 {[%emt 0:02:00]} Re2 {[%emt 0:05:46]} 17. Rxe2 {[%emt 0:10:33]} Qxe2 {[%emt 0:00:35]} 18. Qd2 {[%emt 0:00:12]} Re8 {[%emt 0:06:51]} 19. Qxe2 {[%emt 0:10:53]} Rxe2 {[%emt 0:00:19]} 20. Nc3 {[%emt 0:00:02]} Rc2 {[%emt 0:01:39]} 21. Nd1 {[%emt 0:00:23]} a6 {[%emt 0:01:11]} 22. h3 {[%emt 0:03:00]} Re2 {[%emt 0:03:39]} 23. Nc3 {[%emt 0:02:35]} Rc2 {[%emt 0:01:10]} 24. Na4 {[%emt 0:02:06]} g5 {[%emt 0:08:36]} 25. Bb4 {[%emt 0:11:47]} g4 {[%emt 0:11:42]} 26. Ne1 {[%emt 0:01:58]} Re2 {[%emt 0:00:06]} 27. hxg4 {[%emt 0:06:15]} Nxg4 {[%emt 0:00:28]} 28. f3 {[%emt 0:00:09]} Nh6 {[%emt 0:07:56]} 29. Kf1 {[%emt 0:03:22]} Re8 {[%emt 0:00:06]} 30. Rc1 {[%emt 0:00:12]} Bg6 {[%emt 0:08:36]} 31. Rxc6 {[%emt 0:03:48]} Nf5 {[%emt 0:00:05]} 32. Rxa6 {[%emt 0:01:45]} Nxd4 {[%emt 0:01:01]} 33. Nc5 {[%emt 0:02:34]} Bf8 {[%emt 0:05:35]} 34. Rb6 {[%emt 0:01:19]} Nf5 {[%emt 0:05:48]} 35. Ncd3 {[%emt 0:02:36]} Bh6 {[%emt 0:00:31]} 36. f4 {[%emt 0:00:44]} Ne3+ {[%emt 0:00:44]} 37. Kf2 {[%emt 0:01:04]} Ng4+ {[%emt 0:01:04]} 38. Kg3 {[%emt 0:00:40]} Bf5 {[%emt 0:00:10]} 39. Bc5 {[%emt 0:00:34]} Re2 {[%emt 0:00:44]} 40. a4 {[%emt 0:00:20]} Ne3 {[%emt 0:00:32]} 41. a5 {[%emt 0:00:58]} Nf1+ {[%emt 0:01:32]} 42. Kf3 {[%emt 0:00:09]} Ra2 {[%emt 0:00:25]} 43. a6 {[%emt 0:00:38]} Be4+ {[%emt 0:00:43]} 44. Kg4 {[%emt 0:00:04]} Kf7 {[%emt 0:00:16]} 45. Bd4 {[%emt 0:00:56]} Bg7 {[%emt 0:00:11]} 46. Kh4 {[%emt 0:00:39]} Kg6 {[%emt 0:00:55]} 47. Rc6 {[%emt 0:00:37]} Bxd3 {[%emt 0:00:34]} 48. Nxd3 {[%emt 0:00:04]} Rxg2 {[%emt 0:00:04]} 49. Ne1 {[%emt 0:00:56]} Rh2+ {[%emt 0:00:59]} 50. Kg4 {[%emt 0:00:03]} h5+ {[%emt 0:00:22]} 51. Kf3 {[%emt 0:00:04]} Ra2 {[%emt 0:01:12] Ke4} 1-0

[Event "XXXIX Benasque Open 2019"]
[Site "Benasque"]
[Date "2019.07.11"]
[Round "8.9"]
[White "Cori T., Deysi"]
[Black "Markus, Robert"]
[Result "0-1"]
[WhiteElo "2405"]
[BlackElo "2595"]
[Annotator "ChessBase"]
[PlyCount "70"]
[EventDate "2019.07.04"]
[EventType "swiss"]
[EventCountry "ESP"]
[SourceTitle "playchess.com"]
[Source "ChessBase"]
[SourceQuality "1"]
[TimeControl "5400+30"]

1. d4 {[%emt 0:00:00]} Nf6 {[%emt 0:00:00]} 2. c4 {[%emt 0:00:17]} d6 {[%emt 0:00:06]} 3. Nf3 {[%emt 0:00:10]} Nbd7 {[%emt 0:00:19]} 4. Nc3 {[%emt 0:00:27]} e5 {[%emt 0:00:23]} 5. g3 {[%emt 0:04:31]} g6 {[%emt 0:00:34]} 6. Bg2 {[%emt 0:00:07]} Bg7 {[%emt 0:00:06]} 7. O-O {[%emt 0:00:34]} O-O {[%emt 0:00:07]} 8. e4 {[%emt 0:00:47]} h6 {[%emt 0:00:31]} 9. h3 {[%emt 0:02:43]} Nh7 {[%emt 0:00:10]} 10. Be3 {[%emt 0:08:00]} Ng5 {[%emt 0:00:43]} 11. Nxg5 {[%emt 0:07:36]} hxg5 {[%emt 0:00:07]} 12. Rc1 {[%emt 0:05:10]} c6 {[%emt 0:10:19]} 13. b3 {[%emt 0:13:53]} Re8 {[%emt 0:07:41]} 14. dxe5 {[%emt 0:14:50]} dxe5 {[%emt 0:02:07]} 15. Qd2 {[%emt 0:00:47]} Bf6 {[%emt 0:02:52]} 16. Rfd1 {[%emt 0:03:45]} Qe7 {[%emt 0:01:22]} 17. Na4 {[%emt 0:01:00]} b6 {[%emt 0:11:10]} 18. c5 {[%emt 0:09:21]} b5 {[%emt 0:03:28]} 19. Nc3 {[%emt 0:09:57]} Nf8 {[%emt 0:10:51]} 20. Nd5 {[%emt 0:00:18]} cxd5 {[%emt 0:00:05]} 21. exd5 {[%emt 0:00:02]} e4 {[%emt 0:00:06]} 22. d6 {[%emt 0:00:08]} Qe6 {[%emt 0:00:35]} 23. c6 {[%emt 0:00:38]} Rd8 {[%emt 0:00:06]} 24. Qb4 {[%emt 0:02:47]} a5 {[%emt 0:02:07]} 25. Qxe4 {[%emt 0:02:06]} Rxd6 {[%emt 0:01:18]} 26. Rxd6 {[%emt 0:06:37]} Qxd6 {[%emt 0:00:29]} 27. c7 {[%emt 0:00:10]} Ra6 {[%emt 0:09:46]} 28. Qb7 {[%emt 0:00:04]} Qd7 {[%emt 0:03:18]} 29. Qb8 {[%emt 0:00:03]} Bb2 {[%emt 0:00:22]} 30. Rc5 {[%emt 0:05:53]} Rd6 {[%emt 0:01:57]} 31. Rxb5 {[%emt 0:01:54]} Bd4 {[%emt 0:01:11]} 32. Bxd4 {[%emt 0:00:53]} Rxd4 {[%emt 0:00:06]} 33. Rxa5 {[%emt 0:00:05]} Rd1+ {[%emt 0:01:41]} 34. Kh2 {[%emt 0:00:01]} Rc1 {[%emt 0:00:14]} 35. Rxg5 {[%emt 0:00:54]} Qd1 {[%emt 0:01:08]} 0-1

[Event "XXXIX Benasque Open 2019"]
[Site "Benasque"]
[Date "2019.07.11"]
[Round "8.10"]
[White "Cruz, Cristhian"]
[Black "Enchev, Ivajlo"]
[Result "1-0"]
[WhiteElo "2562"]
[BlackElo "2487"]
[Annotator "ChessBase"]
[PlyCount "55"]
[EventDate "2019.07.04"]
[EventType "swiss"]
[EventCountry "ESP"]
[SourceTitle "playchess.com"]
[Source "ChessBase"]
[SourceQuality "1"]
[TimeControl "5400+30"]

1. d4 {[%emt 0:00:00]} Nf6 {[%emt 0:00:00]} 2. c4 {[%emt 0:00:34]} e6 {[%emt 0:00:00]} 3. Nc3 {[%emt 0:00:19]} Bb4 {[%emt 0:00:02]} 4. e3 {[%emt 0:00:07]} O-O {[%emt 0:00:40]} 5. Bd3 {[%emt 0:00:46]} d5 {[%emt 0:00:44]} 6. Nf3 {[%emt 0:01:12]} dxc4 {[%emt 0:00:38]} 7. Bxc4 {[%emt 0:01:48]} c5 {[%emt 0:00:15]} 8. O-O {[%emt 0:00:17]} b6 {[%emt 0:01:49]} 9. a3 {[%emt 0:00:47]} cxd4 {[%emt 0:00:26]} 10. exd4 {[%emt 0:05:21]} Bxc3 {[%emt 0:00:17]} 11. bxc3 {[%emt 0:00:05]} Qc7 {[%emt 0:01:42]} 12. Qe2 {[%emt 0:04:12]} Bb7 {[%emt 0:00:58]} 13. Bd2 {[%emt 0:19:06]} Nbd7 {[%emt 0:11:55]} 14. Bd3 {[%emt 0:00:13]} Rad8 {[%emt 0:08:27]} 15. Rac1 {[%emt 0:09:39]} Rfe8 {[%emt 0:04:38]} 16. Bg5 {[%emt 0:16:26]} Qd6 {[%emt 0:06:56]} 17. Bb5 {[%emt 0:01:15]} Bc6 {[%emt 0:11:20]} 18. a4 {[%emt 0:05:39]} Rc8 {[%emt 0:02:08]} 19. Rfe1 {[%emt 0:18:18]} Qd5 {[%emt 0:02:16]} 20. c4 {[%emt 0:00:30]} Qf5 {[%emt 0:00:30]} 21. Bh4 {[%emt 0:00:16]} Nb8 {[%emt 0:08:53]} 22. Bg3 {[%emt 0:01:41]} a6 {[%emt 0:01:26]} 23. Bxc6 {[%emt 0:00:11]} Nxc6 {[%emt 0:00:21]} 24. h3 {[%emt 0:05:28]} Red8 {[%emt 0:01:24]} 25. Qb2 {[%emt 0:00:22]} Qa5 {[%emt 0:02:13]} 26. Bh4 {[%emt 0:00:38]} Qb4 {[%emt 0:00:36]} 27. Qa1 {[%emt 0:01:19]} Na5 {[%emt 0:14:14]} 28. Bxf6 {[%emt 0:01:02]} 1-0